Mujeres jefas de hogar (Registro nro. 4104)
[ vista simple ]
| 000 -LEADER | |
|---|---|
| fixed length control field | 01104 a2200229 4500 |
| 001 - CONTROL NUMBER | |
| control field | 45976 |
| 005 - DATE AND TIME OF LATEST TRANSACTION | |
| control field | 20260407155733.0 |
| 008 - FIXED-LENGTH DATA ELEMENTS--GENERAL INFORMATION | |
| fixed length control field | 260407a1997 arg spa d |
| 003 - CONTROL NUMBER IDENTIFIER | |
| control field | AR-UNSa-BCEJYS |
| 040 ## - CATALOGING SOURCE | |
| Original cataloging agency | AR-UNSa-BCEJYS |
| Language of cataloging | spa |
| Transcribing agency | AR-UNSa-BCEJYS |
| 080 ## - UNIVERSAL DECIMAL CLASSIFICATION NUMBER | |
| Universal Decimal Classification number | 304.4 |
| Common auxiliary subdivision | Aspectos generales de las políticas y prácticas sociales y culturales (política social) |
| 020 ## - INTERNATIONAL STANDARD BOOK NUMBER | |
| International Standard Book Number | 987-95490-8-2 |
| 041 ## - LANGUAGE CODE | |
| Language code of text/sound track or separate title | spa |
| 100 1# - MAIN ENTRY--PERSONAL NAME | |
| Personal name | Geldstein, Rosa N. |
| 245 10 - TITLE STATEMENT | |
| Title | Mujeres jefas de hogar |
| Name of part/section of a work | familia, pobreza y género |
| 264 #1 - PRODUCTION, PUBLICATION, DISTRIBUTION, MANUFACTURE, AND COPYRIGHT NOTICE | |
| Place of production, publication, distribution, manufacture | Buenos Aires : |
| Name of producer, publisher, distributor, manufacturer | UNICEF |
| Date of production, publication, distribution, manufacture, or copyright notice | 1997 |
| 300 ## - PHYSICAL DESCRIPTION | |
| Extent | 84 p. |
| Dimensions | 22 cm. |
| 505 ## - FORMATTED CONTENTS NOTE | |
| Formatted contents note | 1. Jefas, proveedoras económicas y pobreza: ni están todas las que son, ni son todas las que están – 2. Especificidad de la pobreza en los hogares con jefa mujer – 3. Jefatura femenina y pobreza en el AMBA – 4. ¿Existe una política social para las jefas pobres? – 5. Resumen, conclusiones y sugerencias para la acción – |
| 590 ## - LOCAL NOTE (RLIN) | |
| Local note | niveau_biblio:m niveau_hierar:0 |
| 856 41 - ELECTRONIC LOCATION AND ACCESS | |
| Uniform Resource Identifier | <a href="https://www.biblioeco.unsa.edu.ar/pmb/images/libros/L127263.jpg">https://www.biblioeco.unsa.edu.ar/pmb/images/libros/L127263.jpg</a> |
| Link text | Imagen de portada |
| Electronic format type | image/jpeg |
| 942 ## - ADDED ENTRY ELEMENTS (KOHA) | |
| Koha item type | |
| Withdrawn status | Lost status | Damaged status | Not for loan | Home library | Current library | Shelving location | Date acquired | Total checkouts | Full call number | Barcode | Date last seen | Price effective from | Koha item type |
|---|---|---|---|---|---|---|---|---|---|---|---|---|---|
| Biblioteca Prof. Eusebio Cleto del Rey | Biblioteca Prof. Eusebio Cleto del Rey | 07/04/2026 | 304.4 G315 | L127263 | 07/04/2026 | 07/04/2026 | Libro |